000 00479nam a2200169Ia 4500
999 _c12404
_d12404
003 OSt
005 20201023111727.0
008 190216s9999||||xx |||||||||||||| ||und||
040 _coclc
082 _a823.912
_bCON/S
100 _aConrad, Joseph
_94795
245 4 _aThe Secret Agent /
_cJoseph Conrad
260 _bPenguin Books,
_c1974.
_aNew delhi:
300 _a323p
650 _aEnglish Stories
942 _cBK
_2ddc
_h823.912
_iCON/S
_k823.912
_mCON/S